| 000 | 01185nac a22003377a 4500 | ||
|---|---|---|---|
| 001 | BR7301481 | ||
| 003 | BR-BrBNA | ||
| 005 | 20240105113459.0 | ||
| 008 | 230509b bl.|||m| |||| 00| 0 por d | ||
| 040 |
_aBR-BrBNA _bpor _cBiblioteca Nacional de Agricultura |
||
| 072 | _aF22; F25 | ||
| 090 | _aF22 BR7301481 | ||
| 100 | 1 | _aMaranhao, R.J.L. | |
| 100 | 1 | _aFalcao, M.F.L. | |
| 100 | 1 | _aLeite, J.P. | |
| 100 | 1 | _aDantas, H. da S. | |
| 110 | 1 |
_aInstituto de Pesquisas Agronomicas, Recife, PE (Brasil) _96142 |
|
| 111 | 1 |
_a17. Congresso Brasileiro de Geologia _cAracaju, SE (Brazil) _d28 Oct 1973 |
|
| 245 | 1 | _aAnalise mineralogica das fracoes calhau e cascalho em solos do agreste de Pernambuco [Analise do solo; Fertilidade do solo; Solo; Brasil] | |
| 260 | 3 |
_aRecife, PE (Brasil): _c1974. |
|
| 300 | _a29 p. | ||
| 490 |
_aBoletim Tecnico - Instituto de Pesquisas Agronomicas (Brazil) _vno. 70 _x |
||
| 500 | _aSummaries (En, Pt); 14 ref. | ||
| 650 | _aQuimica do solo | ||
| 650 | _aFisica do solo | ||
| 650 | _aFertilidade do solo | ||
| 650 | _aAnalise do solo | ||
| 650 | _aPernambuco | ||
| 909 |
_a202312 _bLúcia Elande _c55 _dLúcia Elande |
||
| 942 |
_2AGRIS _n0 _cMS |
||
| 999 |
_c263970 _d263970 |
||